000 00542nam a2200169Ia 4500
008 090711s9999 xx 000 0 und d
082 _b78666
100 _aदामले अनिल
245 _aकेनियन सफारी
260 _bकॉन्टीनेन्टल प्रकाशन
_c1996
300 _a148
600 _aदामले अनिल
630 _aकेनियन सफारी
700 _aदामले अनिल
730 _aकेनियन सफारी
942 _cBOOK
999 _c290628
_d290628